| 000 | 00747cab a2200253 4500 | ||
|---|---|---|---|
| 001 | WB3319-09 | ||
| 008 | 090401t1997 xxu||||| |||| 00| 0 eng d | ||
| 035 | _a(Sirsi) u78380 | ||
| 041 | _aeng | ||
| 245 | _aBRE findings may force ventilation rethink | ||
| 260 | _c1997 | ||
| 350 | _a0 | ||
| 490 |
_aBuilding _v262(7990) 16 May 1997, 10(1) |
||
| 520 | _aA BRE report has found that powered air-conditioning systems are no more effective at keeping out pollution than natural ventilation. | ||
| 650 | _aAIR POLLUTION | ||
| 650 | _aAIR-CONDITIONING | ||
| 650 | _aBRE | ||
| 650 | _aNATURAL VENTILATION | ||
| 650 | _aOFFICE SERVICES | ||
| 650 | _aVENTILATION | ||
| 690 |
_aBlock management _96220 |
||
| 942 | _n0 | ||
| 948 | _c16/05/1997 | ||
| 999 |
_c49331 _d49331 |
||